Po an shi li / (Record no. 91678)

MARC details
000 -LEADER
fixed length control field 00947cam a2200289 a 4500
001 - CONTROL NUMBER
control field unk85042837
003 - CONTROL NUMBER IDENTIFIER
control field DLC
005 - DATE AND TIME OF LATEST TRANSACTION
control field 20260227112803.0
008 - FIXED-LENGTH DATA ELEMENTS--GENERAL INFORMATION
fixed length control field 851011s1958 ch l 000 0 chi
010 ## - LIBRARY OF CONGRESS CONTROL NUMBER
LC control number unk85042837
040 ## - CATALOGING SOURCE
Original cataloging agency DLC
Transcribing agency DLC
043 ## - GEOGRAPHIC AREA CODE
Geographic area code a-ch---
050 00 - LIBRARY OF CONGRESS CALL NUMBER
Classification number HV8073
Item number .P325 1958
066 ## - CHARACTER SETS PRESENT
Alternate G0 or G1 character set $1
100 1# - MAIN ENTRY--PERSONAL NAME
Linkage 880-01
Personal name Pei, Kequan .
245 10 - TITLE STATEMENT
Linkage 880-02
Title Po an shi li /
Statement of responsibility, etc. Pei Kequan zhuan.
250 ## - EDITION STATEMENT
Linkage 880-03
Edition statement Chu ban.
260 ## - PUBLICATION, DISTRIBUTION, ETC.
Linkage 880-04
Place of publication, distribution, etc. Tai bei xian :
Name of publisher, distributor, etc. Pei Kequan,
Date of publication, distribution, etc. Minguo 47 [1958]
300 ## - PHYSICAL DESCRIPTION
Linkage 880-05
Extent [12], 250, [3] p. ;
Dimensions 19 cm.
504 ## - BIBLIOGRAPHY, ETC. NOTE
Linkage 880-06
Bibliography, etc. note Fu lu: Nei zheng bu si fa xing zheng bu tong ling.
650 #0 - SUBJECT ADDED ENTRY--TOPICAL TERM
Topical term or geographic name entry element Criminal investigation
Geographic subdivision Taiwan.
880 1# - ALTERNATE GRAPHIC REPRESENTATION
Linkage 100-01/$1
a 裴可權.
880 10 - ALTERNATE GRAPHIC REPRESENTATION
Linkage 245-02/$1
a 破案實例 /
c 裴可權撰.
880 ## - ALTERNATE GRAPHIC REPRESENTATION
Linkage 250-03/$1
a 初版
880 ## - ALTERNATE GRAPHIC REPRESENTATION
Linkage 260-04/$1
a 臺北縣 :
b 裴可權,
c 民國47 [1958]
880 ## - ALTERNATE GRAPHIC REPRESENTATION
Linkage 504-06/$1
a 附錄: 內政部司法行政部通令

No items available.

Powered by Koha